Estadísticas para Países con el Mayor Número de Hablantes del Italiano

Haz click aquí para tomar la prueba!

Estadísticas generales

  • Esta prueba ha sido tomada 1.464 veces
  • La puntuación promedio es 9 de 12

Estadísticas de respuestas

# de hablantes%País% Correcto
58.2 mil98%Italia
100%
1.13 mil2.4%España
92%
3.23 mil5.1%Francia
92%
1.28 mil15.5%Suiza
88%
2.53 mil3.2%Alemania
87%
3.28 mil1.2%Estados Unidos
86%
1.36 mil3.5%Argentina
76%
790 k9.4%Austria
75%
1.34 mil2.1%Reino Unido
73%
4.05 mil2.1%Brasil
66%
799 k28%Albania
39%
1.49 mil7.4%Rumania
33%

Distribución de puntuación

Porcentaje por número respondido

Porcentaje de gente con cada puntuación

Historial de tus puntuaciones

No has tomado esta prueba